Guía didáctica adaptada a matemáticas orbe 8º

Guardado en:
Detalles Bibliográficos
Autores principales: Agustí, J. Ma. 1931-, Vila, Antonio (Autor)
Formato: Libro
Lenguaje:español
Publicado: Barcelona Vicens-vives 1974
Edición:
Catálogo:MANES:  Resultados de Búsqueda del Catálogo
Clasificación de libros de texto:
Etiquetas: Agregar Etiqueta
Sin Etiquetas, Sea el primero en etiquetar este registro!
Añadido a:2020-11-20
Cambiado en:2025-06-16

MARC

LEADER 00000nam a22000007a 4500
005 20250616132444.0
008 201121b ||||| |||| 00| 0 spa d
561 |5 es-CICE  |3 FMa/M308  |a España. Centro Internacional de la Cultura Escolar  |k MANES 
999 |c 91069  |d 91069 
040 |a centro_manes  |c Centro_internacional de la cultura escolar 
100 |9 31586  |a Agustí, J. Ma.  |d 1931-  |q (Josep Maria), 
245 |a Guía didáctica adaptada a matemáticas orbe 8º 
250 |a 1ª 
260 |a Barcelona  |b Vicens-vives  |c 1974 
300 |a 11 p.  |c 26.5 x 19.5 cm 
500 |a Contiene el solucionario del libro de consulta. Libro para el maestro 
546 |a España 
690 0 |a MATE 
691 0 |a PRI 
700 |a Vila, Antonio  |e Autor  |9 35384 
942 |2 ddc  |c BK 
999 |c manes:91069  |d 91069